| 000 | 00350nam a2200133Ia 4500 | ||
|---|---|---|---|
| 008 | 150202s9999 xx 000 0 und d | ||
| 020 | _a61099287 | ||
| 050 |
_aFIC _bFIC |
||
| 100 | _aDeighton, Len. | ||
| 245 |
_aSpy sinker / _cLen Deighton. |
||
| 260 |
_aNew York : _bStripped Books, _c1990. |
||
| 300 |
_a435 pages : _c18 cm. |
||
| 650 | _aFiction. | ||
| 999 |
_c281947 _d281947 |
||